Tvary

Podrobná bibliografia
Ďalší autori: Noriega, F. (Ilustrátor)
Médium: Kniha
Jazyk:slovenčina
Fyzický popis:[9] s. obr. 31x21 cm [1] fareb. samolepka príl.
Vydavateľské údaje: Bratislava Mladé letá 1997
ISBN:800600806x
Predmet:

MARC

LEADER 00000nam a2200000 a 4500
001 vtls001322361
003 SK-MaSNL
005 20260301235514.0
008 160318s1997 xo 0 slo
015 |a SNBG1998/03-02089 
020 |a 800600806x 
035 |a SNK000275041 
040 |a SNK  |b slo  |c SNK  |e AACR2 
041 0 |a slo 
044 |a xo  |c SK 
080 |a 372.3-053.4:087.5(084.11)  |2 1981 
080 |a 087.5  |2 1981 
245 1 |a Tvary  |h grafika  |c ilustrácie F. Noriega 
260 |a Bratislava  |b Mladé letá  |c 1997 
300 |a [9] s.  |b obr.  |c 31x21 cm  |e [1] fareb. samolepka príl. 
650 0 7 |a deti predškolského veku  |x zošity pracovné  |2 SNK  |9 386908 
700 1 |a Noriega, F.  |4 ill  |9 386909 
919 |a 80-06-00806-x 
958 |a GPZ 
958 |a TL 
958 |a DB 
999 |c 975372  |d 977302 
952 |t P60, <03>, [BOOK], {603}  |a SNK  |b SNK  |y PREZ  |7 0  |p 17A0125617  |o snkOSB 11716  |i snkKSP 2115/98  |0 0  |1 0  |4 0  |d 1998-03-02  |l 0  |r 2005-01-02 00:00:00  |w 2026-02-24 
952 |t P60, <04>, [BOOK], {604}  |a SNK  |b SNK  |y VYP  |7 0  |p 17A0125616  |o snkOSB 11716 D1  |i snkKSP 2116/98  |0 0  |1 0  |4 0  |d 1998-03-02  |l 0  |r 2005-01-02 00:00:00  |w 2026-02-24